00612nam a2200133 a 450000100100000000500170001000800410002704000250006808200140009311000460010724502600015326000450041330000200045800003036620200930062257.0110411s2003 dr r 000 0 spa d aDO-SdBNPbspacBNPHU axxxbM9351 aMovimiento médico Dr. Tejada Florentino10aEstatutos. :bEstos estatutos contienen las modificaciones aprobadas por el movimiento médico Dr. Tejada Florentino de la Asociación Médica Dominicana, en su XV asamblea ordinaria anual, celebrada el 26 de enero de 2002 en la sede central del AMD./. aSanto Domingo, :bEditora Búho,c2003. a23 p. ;c22 cm.